000 00489nam a2200193Ia 4500
008 210210b2013 xxu||||| |||| 00| 0 eng d
020 _a9780195683608
041 _aeng
082 _a658.1511 SEKM
100 _aSEKHAR (R C)
245 _aManagement accounting
260 _aNew Delhi
_bOxford University Press
_c2013
300 _axviii,645
650 _aManagement
650 _aaccounting
690 _aManagement Accounting
700 _aRAJAGOPALAN (A V)
906 _a072837
999 _c122630
_d122630